[Event "Dvorkovich Memorial rapid op"]
[Site "Taganrog"]
[Date "2018.01.13"]
[Round "2"]
[White "Hasangatin, Ramil"]
[Black "Kamenets, Anatolij"]
[Result "1-0"]
[WhiteElo "2502"]
[BlackElo "2294"]
[PlyCount "85"]
[EventDate "2018.01.13"]
[EventType "swiss (rapid)"]
[EventRounds "11"]
[EventCountry "RUS"]
[SourceTitle "CBM 182 Extra"]
[Source "ChessBase"]
[SourceDate "2018.02.23"]
[SourceVersion "1"]
[SourceVersionDate "2018.02.23"]
[SourceQuality "1"]

1. d4 f5 2. Nc3 Nf6 3. Bg5 d5 4. Bxf6 exf6 5. e3 Be6 6. Bd3 Qd7 7. Nge2 Nc6 8. a3 Ne7 9. Nf4 Bf7 10. h4 h5 11. g3 c6 12. Na4 b6 13. b3 Nc8 14. c4 Bd6 15. c5 Bc7 16. b4 b5 17. Nc3 a5 18. bxa5 Bxa5 19. Qb3 Ne7 20. Kf1 g5 21. Nh3 gxh4 22. gxh4 Ng6 23. Ne2 Bc7 24. Qc2 Be6 25. Rg1 Nxh4 26. Nef4 Kf7 27. Ke2 Rag8 28. Rxg8 Kxg8 29. a4 bxa4 30. Rxa4 Kf7 31. Ra7 Rg8 32. Qb1 Rb8 33. Qd1 Ng6 34. Nxg6 Kxg6 35. Nf4+ Kf7 36. Qh1 Rh8 37. Qh3 Qd8 38. Nxe6 Kxe6 39. Qxf5+ Kf7 40. Qf4 h4 41. Rxc7+ Kf8 42. Qd6+ Qxd6 43. cxd6 1-0

[Event "Nikaia Fysiolatriko op 09th"]
[Site "Nikaia"]
[Date "2011.06.19"]
[Round "4"]
[White "Kamenets, Anatolij"]
[Black "Kapnisis, Spyridon"]
[Result "0-1"]
[WhiteElo "2295"]
[BlackElo "2523"]
[PlyCount "66"]
[EventDate "2011.06.16"]
[EventType "swiss"]
[EventRounds "9"]
[EventCountry "GRE"]
[SourceTitle "CBM 143 Extra"]
[Source "ChessBase"]
[SourceDate "2011.08.29"]
[SourceVersion "1"]
[SourceVersionDate "2011.08.29"]
[SourceQuality "1"]

1. d4 Nf6 2. c4 e6 3. g3 d5 4. Nf3 dxc4 5. Bg2 Nc6 6. Qa4 Nd7 7. Qxc4 Nb6 8. Qd3 e5 9. 0-0 exd4 10. Bf4 Be7 11. Ne5 Nb4 12. Qd1 c5 13. a3 N4d5 14. b4 0-0 15. bxc5 Bxc5 16. Bc1 Qf6 17. Nd3 Bd6 18. Bb2 Re8 19. Nb4 Nxb4 20. axb4 Bg4 21. f3 Bd7 22. f4 Bxb4 23. Bxb7 Rab8 24. Rxa7 Bc5 25. Ba3 d3+ 26. Bxc5 dxe2 27. Qc1 exf1Q+ 28. Kxf1 Rxb7 29. Rxb7 Qc6 30. Rxd7 Nxd7 31. Be3 Qf3+ 32. Bf2 Nf6 33. Kg1 Ng4 0-1

[Event "Nikaia Fysiolatriko op 09th"]
[Site "Nikaia"]
[Date "2011.06.16"]
[Round "1"]
[White "Sklavounos, Panayotis"]
[Black "Kamenets, Anatolij"]
[Result "0-1"]
[WhiteElo "1909"]
[BlackElo "2295"]
[PlyCount "34"]
[EventDate "2011.06.16"]
[EventType "swiss"]
[EventRounds "9"]
[EventCountry "GRE"]
[SourceTitle "CBM 143 Extra"]
[Source "ChessBase"]
[SourceDate "2011.08.29"]
[SourceVersion "1"]
[SourceVersionDate "2011.08.29"]
[SourceQuality "1"]

1. e4 g6 2. f4 Bg7 3. Nf3 d5 4. e5 h5 5. d4 Nh6 6. Bd3 Bf5 7. Nh4 Bxd3 8. Qxd3 e6 9. Nxg6 Rg8 10. f5 fxg6 11. f6 Bf8 12. Bxh6 Bxh6 13. f7+ Kxf7 14. 0-0+ Kg7 15. Rf6 Qe8 16. Qh3 Rf8 17. Rxe6 Qxe6 0-1

[Event "Ambelokipi op 113th"]
[Site "Athens"]
[Date "2011.05.18"]
[Round "4"]
[White "Kamenets, Anatolij"]
[Black "Azis Azizis, Ektoras"]
[Result "1-0"]
[WhiteElo "2295"]
[BlackElo "2183"]
[PlyCount "73"]
[EventDate "2011.05.07"]
[EventType "swiss"]
[EventRounds "7"]
[EventCountry "GRE"]
[SourceTitle "EXT 2024"]
[Source "ChessBase"]
[SourceDate "2023.10.10"]
[SourceVersion "1"]
[SourceVersionDate "2023.10.10"]
[SourceQuality "1"]

1. d4 g6 2. c4 Bg7 3. e4 d6 4. Nc3 c6 5. Be3 Nf6 6. h3 e5 7. d5 0-0 8. g4 cxd5 9. cxd5 a6 10. Bd3 b5 11. b4 Nbd7 12. a4 bxa4 13. Nxa4 Bb7 14. Ne2 Nxd5 15. exd5 Bxd5 16. Rg1 e4 17. Bc2 Bxa1 18. Qxd5 Rc8 19. Bxe4 Nf6 20. Qa2 Nxe4 21. Qxa1 Qh4 22. Nb6 Rc2 23. Qd4 Re8 24. Nd5 Re5 25. Ndf4 Nc3 26. Qd3 Nxe2 27. Nxe2 Ra2 28. Qb3 Ra1+ 29. Kd2 Rxg1 30. Nxg1 Qf6 31. Ne2 Qf3 32. Nf4 Qc6 33. Nd3 Rb5 34. Qb2 g5 35. Qf6 a5 36. Bd4 Kf8 37. Qd8+ 1-0

[Event "Ambelokipi op 113th"]
[Site "Athens"]
[Date "2011.05.11"]
[Round "2"]
[White "Kamenets, Anatolij"]
[Black "Vlahos, Athanasios"]
[Result "1-0"]
[WhiteElo "2295"]
[BlackElo "1931"]
[PlyCount "73"]
[EventDate "2011.05.07"]
[EventType "swiss"]
[EventRounds "7"]
[EventCountry "GRE"]
[SourceTitle "EXT 2024"]
[Source "ChessBase"]
[SourceDate "2023.10.10"]
[SourceVersion "1"]
[SourceVersionDate "2023.10.10"]
[SourceQuality "1"]

1. d4 Nf6 2. Bg5 e6 3. Nf3 h6 4. Bh4 c5 5. e3 b6 6. Nbd2 Bb7 7. Bd3 Be7 8. c3 cxd4 9. exd4 0-0 10. Qe2 d6 11. h3 Nbd7 12. 0-0-0 Nh7 13. Bg3 Re8 14. Kb1 a6 15. Bh2 Ndf6 16. Rhg1 b5 17. g4 Nd5 18. Ne1 Bg5 19. Ng2 e5 20. dxe5 dxe5 21. Ne4 Qe7 22. f3 Bf4 23. Rh1 Rad8 24. Bg1 Ndf6 25. Bb6 Rd7 26. Rhe1 Bxe4 27. fxe4 g5 28. Rh1 Nf8 29. Bc2 Ng6 30. a3 Kg7 31. Rxd7 Nxd7 32. Ba5 Rc8 33. Rd1 Rc6 34. a4 bxa4 35. Bxa4 Rd6 36. Bb4 Rxd1+ 37. Qxd1 1-0

[Event "Ambelokipi op 112th"]
[Site "Athens"]
[Date "2011.04.20"]
[Round "5"]
[White "Azis Azizis, Ektoras"]
[Black "Kamenets, Anatolij"]
[Result "1-0"]
[WhiteElo "2166"]
[BlackElo "2261"]
[PlyCount "57"]
[EventDate "2011.04.09"]
[EventType "swiss"]
[EventRounds "7"]
[EventCountry "GRE"]
[SourceTitle "EXT 2024"]
[Source "ChessBase"]
[SourceDate "2023.10.10"]
[SourceVersion "1"]
[SourceVersionDate "2023.10.10"]
[SourceQuality "1"]

1. e4 c6 2. d4 d5 3. exd5 cxd5 4. c4 Nf6 5. Nc3 e6 6. Nf3 Be7 7. c5 0-0 8. b4 b6 9. a3 a5 10. Rb1 axb4 11. axb4 bxc5 12. dxc5 Bb7 13. Bb5 Qc7 14. 0-0 e5 15. Ba4 d4 16. Nb5 Qc6 17. Ra1 Rxa4 18. Qxa4 Nbd7 19. Na7 Qc7 20. Qa5 Qxa5 21. Rxa5 Bxf3 22. gxf3 Nd5 23. Nc6 Bd8 24. Ra7 N7f6 25. Bg5 Re8 26. Bxf6 Nxf6 27. Ra8 Bc7 28. Rxe8+ Nxe8 29. b5 1-0

[Event "Ambelokipi op 112th"]
[Site "Athens"]
[Date "2011.04.18"]
[Round "4"]
[White "Kamenets, Anatolij"]
[Black "Ilandzis, Spyridon"]
[Result "1-0"]
[WhiteElo "2261"]
[BlackElo "2134"]
[PlyCount "83"]
[EventDate "2011.04.09"]
[EventType "swiss"]
[EventRounds "7"]
[EventCountry "GRE"]
[SourceTitle "EXT 2024"]
[Source "ChessBase"]
[SourceDate "2023.10.10"]
[SourceVersion "1"]
[SourceVersionDate "2023.10.10"]
[SourceQuality "1"]

1. d4 Nf6 2. Bg5 c5 3. Bxf6 gxf6 4. d5 Qb6 5. Qc1 Bh6 6. e3 f5 7. g3 Na6 8. Bg2 d6 9. Ne2 Bd7 10. 0-0 e5 11. c4 0-0 12. a3 Qd8 13. Nbc3 Nc7 14. b4 cxb4 15. axb4 Na6 16. Qa3 Qb6 17. Rfb1 Rfc8 18. c5 dxc5 19. bxc5 Qxc5 20. Rxb7 Qxa3 21. Rxa3 Nc5 22. Rbxa7 Rxa7 23. Rxa7 Rb8 24. Bh3 Bc8 25. Rc7 Bf8 26. e4 Nd3 27. Bxf5 Bxf5 28. exf5 Bc5 29. Ne4 Bb6 30. Rc3 Nb4 31. d6 Kg7 32. Kg2 f6 33. Rb3 Nc6 34. g4 Kf7 35. Kf1 Ba7 36. Rc3 Rb1+ 37. Kg2 Rb6 38. N2g3 Bb8 39. Nh5 Nd4 40. d7 Ke7 41. Nhxf6 Ne2 42. Nd5+ 1-0

[Event "Athens Smaok op 10th"]
[Site "Athens"]
[Date "2011.04.16"]
[Round "5"]
[White "Kamenets, Anatolij"]
[Black "Kourkoulos Arditis, Stamatis"]
[Result "0-1"]
[WhiteElo "2261"]
[BlackElo "2124"]
[PlyCount "78"]
[EventDate "2011.03.15"]
[EventType "swiss"]
[EventRounds "7"]
[EventCountry "GRE"]
[SourceTitle "EXT 2024"]
[Source "ChessBase"]
[SourceDate "2023.10.10"]
[SourceVersion "1"]
[SourceVersionDate "2023.10.10"]
[SourceQuality "1"]

1. d4 Nf6 2. c4 e6 3. g3 d5 4. Nf3 dxc4 5. Qa4+ Nc6 6. Qxc4 Qd5 7. Qxd5 exd5 8. a3 Bg4 9. Nbd2 0-0-0 10. e3 Bf5 11. Nh4 Bc2 12. Bb5 g5 13. Nhf3 g4 14. Nh4 Ne4 15. Be2 h5 16. b4 Be7 17. Ra2 Ba4 18. Nxe4 dxe4 19. Nf5 Bg5 20. b5 Na5 21. Bd2 Nb3 22. Bc4 Nxd2 23. Rxd2 Bxb5 24. Bxb5 Rd5 25. Be2 Rxf5 26. h3 gxh3 27. Rxh3 Ra5 28. Rxh5 Rxh5 29. Bxh5 Bxe3 30. fxe3 Rxh5 31. Rf2 f5 32. g4 fxg4 33. Rf4 g3 34. Kf1 Ra5 35. Kg2 Rxa3 36. Rxe4 b5 37. Kxg3 b4 38. Kf4 b3 39. Re5 a6 0-1

[Event "Athens Smaok op 10th"]
[Site "Athens"]
[Date "2011.03.22"]
[Round "2"]
[White "Koutoukidis, Panagiotis"]
[Black "Kamenets, Anatolij"]
[Result "0-1"]
[WhiteElo "2027"]
[BlackElo "2261"]
[PlyCount "100"]
[EventDate "2011.03.15"]
[EventType "swiss"]
[EventRounds "7"]
[EventCountry "GRE"]
[SourceTitle "EXT 2024"]
[Source "ChessBase"]
[SourceDate "2023.10.10"]
[SourceVersion "1"]
[SourceVersionDate "2023.10.10"]
[SourceQuality "1"]

1. e4 c6 2. d4 d5 3. e5 g6 4. Nf3 Bg7 5. c4 Nh6 6. Nc3 0-0 7. cxd5 cxd5 8. Be2 Nc6 9. 0-0 Bg4 10. h3 Bxf3 11. Bxf3 e6 12. Be3 Nf5 13. g4 Nxe3 14. fxe3 Qg5 15. Qe1 f5 16. h4 Qe7 17. gxf5 gxf5 18. Qf2 Kh8 19. Kh2 Bh6 20. Kh3 Na5 21. Ne2 Rac8 22. Rac1 Nc6 23. Rg1 Rg8 24. Bh5 Nb4 25. Rxc8 Rxc8 26. a3 Nd3 27. Qg3 Nxb2 28. Nf4 Bxf4 29. exf4 Nc4 30. a4 Nd2 31. Qg5 Qxg5 32. hxg5 Rc3+ 33. Kh4 Kg7 34. Be2 Re3 35. Bh5 Nf3+ 36. Bxf3 Rxf3 37. Rc1 Kg6 38. Rc7 Rxf4+ 39. Kg3 Rxd4 40. Rxb7 Rxa4 41. Re7 a5 42. Rxe6+ Kxg5 43. Rd6 Rd4 44. Rd7 f4+ 45. Kf3 Rd3+ 46. Kf2 Kf5 47. Rxh7 Kxe5 48. Re7+ Kd6 49. Rf7 f3 50. Ra7 Ra3 0-1

[Event "Ambelokipi op 111th"]
[Site "Athens"]
[Date "2011.03.18"]
[Round "3"]
[White "Kamenets, Anatolij"]
[Black "Papadimitriou, Loukas"]
[Result "1-0"]
[WhiteElo "2261"]
[BlackElo "2114"]
[PlyCount "97"]
[EventDate "2011.03.12"]
[EventType "swiss"]
[EventRounds "7"]
[EventCountry "GRE"]
[SourceTitle "EXT 2024"]
[Source "ChessBase"]
[SourceDate "2023.10.10"]
[SourceVersion "1"]
[SourceVersionDate "2023.10.10"]
[SourceQuality "1"]

1. d4 d5 2. c4 e5 3. dxe5 d4 4. Nf3 Nc6 5. g3 Be6 6. Nbd2 Nge7 7. Bg2 Qd7 8. 0-0 0-0-0 9. Qb3 h5 10. Rd1 Nf5 11. Ng5 h4 12. g4 Nfe7 13. Nxe6 Qxe6 14. f4 d3 15. h3 dxe2 16. Re1 b6 17. Nf3 f5 18. Ng5 Qg6 19. Be3 fxg4 20. Be4 Qh5 21. Rxe2 gxh3 22. Bf3 Qg6 23. Bg4+ Kb8 24. Rd1 Re8 25. Red2 Rh5 26. Qd3 Rxg5 27. fxg5 Nxe5 28. Qxg6 N7xg6 29. Rd8+ Rxd8 30. Rxd8+ Kb7 31. Be2 Bc5 32. Bxc5 bxc5 33. Re8 Kc6 34. Kh2 Kd7 35. Rg8 Nf4 36. Rxg7+ Ke6 37. Bd1 Kf5 38. Rxc7 Nfd3 39. g6 Kxg6 40. Bc2 Kg5 41. Bxd3 Nxd3 42. b3 a5 43. Ra7 a4 44. Rxa4 Kg4 45. Ra5 Ne1 46. Rxc5 Nf3+ 47. Kh1 h2 48. Rd5 h3 49. c5 1-0

[Event "Athens Smaok op 10th"]
[Site "Athens"]
[Date "2011.03.15"]
[Round "1"]
[White "Kamenets, Anatolij"]
[Black "Raptakis, Solon"]
[Result "1-0"]
[WhiteElo "2261"]
[BlackElo "1988"]
[PlyCount "91"]
[EventDate "2011.03.15"]
[EventType "swiss"]
[EventRounds "7"]
[EventCountry "GRE"]
[SourceTitle "EXT 2024"]
[Source "ChessBase"]
[SourceDate "2023.10.10"]
[SourceVersion "1"]
[SourceVersionDate "2023.10.10"]
[SourceQuality "1"]

1. d4 d5 2. c4 e6 3. Nc3 c5 4. cxd5 exd5 5. Nf3 Nc6 6. g3 Nf6 7. Bg2 Be7 8. 0-0 0-0 9. dxc5 Bxc5 10. Bg5 d4 11. Bxf6 Qxf6 12. Ne4 Qe7 13. Nxc5 Qxc5 14. Rc1 Qb6 15. b3 Bg4 16. h3 Bf5 17. Qd2 Rfe8 18. Rfd1 Rad8 19. Qb2 Be4 20. Rd2 Qb4 21. Rc4 Qe7 22. Nxd4 Bxg2 23. Kxg2 Qe4+ 24. Nf3 Qe6 25. Rxd8 Nxd8 26. e3 Nc6 27. Kh2 Qd5 28. Nd4 Ne5 29. Rc7 Nf3+ 30. Nxf3 Qxf3 31. Qd2 h5 32. h4 Re5 33. Rc4 Rd5 34. Qc2 g6 35. Rf4 Qd1 36. Qc8+ Kg7 37. Qxb7 Rd7 38. Qf3 Qc2 39. Ra4 Qd2 40. Kg2 Rd5 41. a3 Rf5 42. Rf4 Rxf4 43. exf4 f5 44. Qb7+ Kh6 45. b4 a5 46. Qa8 1-0

[Event "Glyfada New Year op"]
[Site "Glyfada"]
[Date "2011.01.05"]
[Round "4"]
[White "Kordis, Konstantinos"]
[Black "Kamenets, Anatolij"]
[Result "0-1"]
[WhiteElo "2183"]
[BlackElo "2271"]
[PlyCount "56"]
[EventDate "2011.01.02"]
[EventType "swiss"]
[EventRounds "7"]
[EventCountry "GRE"]
[SourceTitle "EXT 2024"]
[Source "ChessBase"]
[SourceDate "2023.10.10"]
[SourceVersion "1"]
[SourceVersionDate "2023.10.10"]
[SourceQuality "1"]

1. e4 c6 2. d4 d5 3. exd5 cxd5 4. c4 Nf6 5. Nc3 e6 6. Nf3 Be7 7. Bd3 0-0 8. 0-0 dxc4 9. Bxc4 Nc6 10. Bg5 a6 11. Rc1 b5 12. Bb3 Bb7 13. Re1 Nb4 14. Ne5 Nbd5 15. Qf3 Rb8 16. Qh3 Nxc3 17. Rxc3 Nd5 18. Bxe7 Qxe7 19. Bc2 g6 20. Rg3 Kg7 21. Qh5 Rh8 22. f4 Rbc8 23. f5 Nf6 24. Qd1 Qb4 25. Bb3 Rhd8 26. fxe6 Rxd4 27. Qb1 Be4 28. Qa1 Qc5 0-1

[Event "Nikaia op 18th"]
[Site "Nikaia"]
[Date "2010.08.24"]
[Round "6"]
[White "Kamenets, Anatolij"]
[Black "Grigoriadis, Alexandros"]
[Result "1-0"]
[WhiteElo "2246"]
[BlackElo "2330"]
[PlyCount "69"]
[EventDate "2010.08.20"]
[EventType "swiss"]
[EventRounds "9"]
[EventCountry "GRE"]
[SourceTitle "CBM 138 Extra"]
[Source "ChessBase"]
[SourceDate "2010.10.29"]
[SourceVersion "1"]
[SourceVersionDate "2010.10.29"]
[SourceQuality "1"]

1. d4 Nf6 2. c4 e6 3. Nc3 d5 4. Bg5 Be7 5. e3 h6 6. Bh4 0-0 7. Nf3 b6 8. Bd3 dxc4 9. Bxc4 Bb7 10. Qe2 a6 11. 0-0 b5 12. Bb3 Nbd7 13. Rfd1 Qe8 14. Bg3 c5 15. Rac1 c4 16. Bc2 Nb6 17. Bc7 Nbd5 18. Nxd5 exd5 19. Nd2 Qc6 20. Bg3 Rfe8 21. f3 Rac8 22. e4 Nh5 23. e5 Nxg3 24. hxg3 Qb6 25. Nf1 b4 26. f4 a5 27. Ne3 Ra8 28. Bb1 a4 29. Nf5 Bf8 30. Qc2 Qg6 31. Qf2 Qb6 32. g4 g6 33. Nh4 a3 34. f5 axb2 35. fxg6 1-0

[Event "Nikaia op 18th"]
[Site "Nikaia"]
[Date "2010.08.22"]
[Round "4"]
[White "Marholev, Dimitar"]
[Black "Kamenets, Anatolij"]
[Result "0-1"]
[WhiteElo "2428"]
[BlackElo "2246"]
[PlyCount "54"]
[EventDate "2010.08.20"]
[EventType "swiss"]
[EventRounds "9"]
[EventCountry "GRE"]
[SourceTitle "CBM 138 Extra"]
[Source "ChessBase"]
[SourceDate "2010.10.29"]
[SourceVersion "1"]
[SourceVersionDate "2010.10.29"]
[SourceQuality "1"]

1. e4 c5 2. Nc3 g6 3. d4 cxd4 4. Qxd4 Nf6 5. Nf3 Nc6 6. Qa4 d6 7. e5 Ng4 8. Bf4 Bg7 9. exd6 0-0 10. 0-0-0 Nxf2 11. dxe7 Qxe7 12. Bd6 Qe3+ 13. Rd2 Nxh1 14. Nd5 Qh6 15. g4 Bxg4 16. Qxg4 Nf2 17. Qc4 Nh3 18. Bxf8 Rxf8 19. Bxh3 Qxh3 20. Ng5 Qf5 21. h4 Re8 22. Nc3 h6 23. Nge4 Qf4 24. Nd6 Re1+ 25. Nd1 Be5 26. Qd3 Bxd6 27. Qxd6 Rxd1+ 0-1

[Event "Aegean op 33rd"]
[Site "Aghios Kirykos"]
[Date "2010.07.20"]
[Round "8"]
[White "Kamenets, Anatolij"]
[Black "Ikonomopoulou, Maria"]
[Result "0-1"]
[WhiteElo "2246"]
[BlackElo "2066"]
[PlyCount "91"]
[EventDate "2010.07.13"]
[EventType "swiss"]
[EventRounds "9"]
[EventCountry "GRE"]
[SourceTitle "CBM 137 Extra"]
[Source "ChessBase"]
[SourceDate "2010.09.01"]
[SourceVersion "1"]
[SourceVersionDate "2010.09.01"]
[SourceQuality "1"]

1. d4 Nf6 2. c4 e6 3. g3 d5 4. Nf3 dxc4 5. Bg2 a6 6. a4 Nc6 7. 0-0 Bb4 8. Na3 c3 9. Qd3 cxb2 10. Bxb2 0-0 11. e4 Qe7 12. Nc2 Rd8 13. Qe2 a5 14. h3 b6 15. Rfd1 Ba6 16. Qe3 b5 17. g4 bxa4 18. Rxa4 Nd7 19. Raa1 Nb6 20. d5 exd5 21. exd5 Nxd5 22. Qc1 Nc3 23. Re1 Ne2+ 24. Rxe2 Bxe2 25. Nfd4 Nxd4 26. Nxd4 Rxd4 27. Bxd4 Rd8 28. Qb2 f6 29. Be3 Bb5 30. Rc1 Ba3 31. Qxb5 Bxc1 32. Qc4+ Qf7 33. Qxc1 a4 34. Qa3 Qb3 35. Qe7 Qd1+ 36. Bf1 Qd6 37. Qe4 a3 38. g5 Kh8 39. Qa4 fxg5 40. Qa5 h6 41. Bc5 Qf4 42. Qxa3 g4 43. Be3 Qf5 44. Qc3 gxh3 45. Kh2 Rd1 46. Bxh3 0-1

[Event "Aegean op 33rd"]
[Site "Aghios Kirykos"]
[Date "2010.07.19"]
[Round "7"]
[White "Nikolaidis, Konstantinos"]
[Black "Kamenets, Anatolij"]
[Result "1-0"]
[WhiteElo "2290"]
[BlackElo "2246"]
[PlyCount "51"]
[EventDate "2010.07.13"]
[EventType "swiss"]
[EventRounds "9"]
[EventCountry "GRE"]
[SourceTitle "CBM 137 Extra"]
[Source "ChessBase"]
[SourceDate "2010.09.01"]
[SourceVersion "1"]
[SourceVersionDate "2010.09.01"]
[SourceQuality "1"]

1. d4 Nf6 2. c4 c5 3. d5 b5 4. Nf3 g6 5. Nfd2 b4 6. a3 bxa3 7. Rxa3 Bg7 8. e4 d6 9. Be2 0-0 10. 0-0 a6 11. Nc3 e5 12. dxe6 Bxe6 13. Nf3 Nc6 14. Bf4 Ne8 15. Qd2 Nd4 16. Nxd4 Bxd4 17. Bh6 Ng7 18. Rfa1 Qb6 19. Nb5 axb5 20. Rxa8 bxc4 21. R1a6 Qb7 22. Rxf8+ Kxf8 23. Qa5 Bd7 24. Ra7 Qc6 25. Qd8+ Be8 26. Bxc4 1-0

[Event "Nikaia Fysiolatriko op 08th"]
[Site "Nikaia"]
[Date "2010.06.20"]
[Round "4"]
[White "Khurtsilava, Inga"]
[Black "Kamenets, Anatolij"]
[Result "1-0"]
[WhiteElo "2269"]
[BlackElo "2229"]
[PlyCount "62"]
[EventDate "2010.06.17"]
[EventType "swiss"]
[EventRounds "9"]
[EventCountry "GRE"]
[SourceTitle "EXT 2011"]
[Source "ChessBase"]
[SourceDate "2010.11.26"]
[SourceVersion "1"]
[SourceVersionDate "2010.11.26"]
[SourceQuality "1"]

1. d4 Nf6 2. Nf3 c5 3. e3 g6 4. c4 Bg7 5. Nc3 0-0 6. d5 e6 7. Be2 exd5 8. cxd5 d6 9. 0-0 Re8 10. Nd2 b6 11. e4 Na6 12. Bb5 Re7 13. f3 Nc7 14. a4 Rb8 15. Bc6 a6 16. Nc4 b5 17. axb5 axb5 18. Na5 b4 19. Nb1 Ba6 20. Re1 Nh5 21. g4 Bd4+ 22. Kg2 Ng7 23. Nb3 Qf8 24. Nxd4 cxd4 25. Qxd4 f5 26. Bg5 fxg4 27. fxg4 Re5 28. Qe3 h5 29. h3 hxg4 30. hxg4 Nge8 31. Qf4 Qg7 1-0

[Event "Ambelokipi op 105th"]
[Site "Athens"]
[Date "2010.05.15"]
[Round "3"]
[White "Kondopoulos, Dimitrios"]
[Black "Kamenets, Anatolij"]
[Result "1-0"]
[WhiteElo "2001"]
[BlackElo "2225"]
[PlyCount "101"]
[EventDate "2010.05.08"]
[EventType "swiss"]
[EventRounds "5"]
[EventCountry "GRE"]
[SourceTitle "EXT 2024"]
[Source "ChessBase"]
[SourceDate "2023.10.10"]
[SourceVersion "1"]
[SourceVersionDate "2023.10.10"]
[SourceQuality "1"]

1. c4 g6 2. g3 Bg7 3. Bg2 c5 4. Nc3 Nc6 5. e3 Nh6 6. h4 d6 7. Nge2 Bg4 8. d4 0-0 9. Qd2 cxd4 10. exd4 Qa5 11. 0-0 Rac8 12. Rd1 a6 13. a3 Bxe2 14. Nxe2 Qa4 15. b4 Qb3 16. Qd3 Qxd3 17. Rxd3 Nf5 18. Bb2 e5 19. Bh3 exd4 20. Bxf5 gxf5 21. Nxd4 Ne5 22. Nxf5 Nxd3 23. Bxg7 Rfe8 24. Bf6 Rc7 25. Rd1 Ne5 26. Rxd6 Nxc4 27. Rd4 Ne5 28. Bxe5 Rc1+ 29. Kg2 f6 30. Rg4+ Kf8 31. Bxf6 Ree1 32. Nh6 Ke8 33. Rd4 Rcd1 34. Rg4 Rg1+ 35. Kf3 Kd7 36. a4 Rd6 37. Ng8 Rd3+ 38. Ke4 Ra3 39. Kd5 Rd1+ 40. Bd4 Rxa4 41. Rg7+ Kd8 42. Kc4 b5+ 43. Kc5 Rc1+ 44. Kd5 Rd1 45. Ne7 a5 46. Nc6+ Ke8 47. Ke6 Re1+ 48. Be5 Rxe5+ 49. Nxe5 Kf8 50. Rf7+ Kg8 51. Ng4 1-0

[Event "Ambelokipi op 104th"]
[Site "Athens"]
[Date "2010.05.01"]
[Round "7"]
[White "Mitrandzas, Athanasios"]
[Black "Kamenets, Anatolij"]
[Result "0-1"]
[WhiteElo "2186"]
[BlackElo "2229"]
[PlyCount "77"]
[EventDate "2010.04.10"]
[EventType "swiss"]
[EventRounds "7"]
[EventCountry "GRE"]
[SourceTitle "EXT 2024"]
[Source "ChessBase"]
[SourceDate "2023.10.10"]
[SourceVersion "1"]
[SourceVersionDate "2023.10.10"]
[SourceQuality "1"]

1. c4 g6 2. g3 Bg7 3. Bg2 c5 4. Nc3 Nc6 5. Nf3 d6 6. 0-0 Nh6 7. d4 cxd4 8. Nxd4 Nxd4 9. Bxh6 Nxe2+ 10. Qxe2 Bxh6 11. Rad1 0-0 12. c5 Bg7 13. cxd6 exd6 14. Ne4 Qe7 15. Rfe1 Rb8 16. Bf3 Be6 17. Nxd6 b6 18. Bg4 Rbd8 19. Nxf7 Rxd1 20. Nh6+ Bxh6 21. Bxe6+ Kh8 22. Rxd1 Re8 23. Re1 Bg7 24. Qc2 Qd6 25. Re2 Bd4 26. b3 Rf8 27. Kg2 Bxf2 28. Rxf2 Rxf2+ 29. Qxf2 Qxe6 30. Qf8+ Qg8 31. Qf6+ Qg7 32. Qd8+ Qg8 33. Qd7 Qa8+ 34. Kh3 Kg8 35. Qe6+ Kg7 36. Qe7+ Kg8 37. Kh4 Qf3 38. Qd8+ Kg7 39. Qd5 0-1

[Event "Ambelokipi op 104th"]
[Site "Athens"]
[Date "2010.04.28"]
[Round "6"]
[White "Kamenets, Anatolij"]
[Black "Panagiotakos, Petros"]
[Result "1-0"]
[WhiteElo "2229"]
[BlackElo "1871"]
[PlyCount "101"]
[EventDate "2010.04.10"]
[EventType "swiss"]
[EventRounds "7"]
[EventCountry "GRE"]
[SourceTitle "EXT 2024"]
[Source "ChessBase"]
[SourceDate "2023.10.10"]
[SourceVersion "1"]
[SourceVersionDate "2023.10.10"]
[SourceQuality "1"]

1. d4 Nf6 2. c4 g6 3. Nc3 Bg7 4. e4 d6 5. Bd3 0-0 6. Nge2 e5 7. d5 Nbd7 8. Ng3 Nc5 9. Bc2 a5 10. f3 c6 11. Bg5 Qc7 12. a3 cxd5 13. cxd5 Bd7 14. a4 Rfc8 15. Be3 Be8 16. 0-0 Nfd7 17. Nb5 Qb8 18. Qe2 Nb6 19. b3 Bxb5 20. Qxb5 Nbd7 21. Rfc1 Qc7 22. Bd1 Qb6 23. Rxc5 dxc5 24. Qxd7 Qb4 25. Rb1 b6 26. Qb5 Qxb5 27. axb5 Rf8 28. Bc2 h5 29. Ra1 h4 30. Nf1 f5 31. exf5 gxf5 32. Rd1 f4 33. Bf2 Bf6 34. Nd2 Ra7 35. Nc4 Rb7 36. d6 h3 37. gxh3 Rd8 38. Be4 Rbb8 39. Kf1 Kf7 40. Ke2 Ke6 41. Bd5+ Kd7 42. Rg1 Rh8 43. Rg6 Rbf8 44. h4 Rh5 45. Kd3 Rh7 46. Nxb6+ Kxd6 47. Ke4 Ke7 48. Na4 Kd7 49. b6 Rc8 50. Bxc5 Be7 51. Be6+ 1-0